000 00359nam a2200157Ia 4500
100 _aKhan/Md.N/ Panigrahi/S
490 _v2
942 _cBK
366 _f25
654 _aengineering physics
245 _aPrinciples of Engineering Physics
260 _bCambridge University Press
_c2016
300 _a492
546 _aENGLISH
_cComputers
999 _c19279
_d19279